Library Banner

Statistical principles and techniques in scientific and social investigations (Record no. 43880)

MARC details
000 -LEADER
fixed length control field 00530nam a2200181Ia 4500
001 - CONTROL NUMBER
control field 45923
008 - FIXED-LENGTH DATA ELEMENTS--GENERAL INFORMATION
fixed length control field 140428s9999 xx 000 0 und d
020 ## - INTERNATIONAL STANDARD BOOK NUMBER
International Standard Book Number 9780199213092
040 ## - CATALOGING SOURCE
Transcribing agency PK-LaUMT
082 ## - DEWEY DECIMAL CLASSIFICATION NUMBER
Classification number 519.50727
Item number KRZ-S
100 ## - MAIN ENTRY--PERSONAL NAME
Personal name Krzanowski, Wojtek J.
245 ## - TITLE STATEMENT
Title Statistical principles and techniques in scientific and social investigations
Statement of responsibility, etc Krzanowski, Wojtek J.
260 ## - PUBLICATION, DISTRIBUTION, ETC. (IMPRINT)
Place of publication, distribution, etc Oxford,USA:
Name of publisher, distributor, etc Oxford University Press,
Date of publication, distribution, etc 2007
300 ## - PHYSICAL DESCRIPTION
Extent 241 p.
546 ## - LANGUAGE NOTE
Language note EN
650 ## - SUBJECT ADDED ENTRY--TOPICAL TERM
Topical term or geographic name as entry element Statistics-Methodology
942 ## - ADDED ENTRY ELEMENTS (KOHA)
Koha item type Books
Holdings
Withdrawn status Lost status Damaged status Not for loan Home library Current library Date acquired Total Checkouts Full call number Barcode Date last seen Price effective from Koha item type
        UMT Main Campus UMT Main Campus 2014-04-28   519.50727 KRZ-S 49931 2014-05-06 2014-05-06 Books